| 000 | 00686 a2200217 4500 | ||
|---|---|---|---|
| 005 | 20240827124238.0 | ||
| 008 | 080819t xxu||||| |||| 00| 0 eng d | ||
| 010 | _aENG-141459 | ||
| 020 |
_a9788196041335 _c450.00 |
||
| 035 | _aEN-124991 | ||
| 037 | _bDBAD | ||
| 040 |
_adpl _bEnglish |
||
| 082 |
_a871 _21 |
||
| 100 |
_970564 _aAmmal, M.K. Yadhugiri |
||
| 245 |
_aThe Bharathi I Knew/ _cBy M.K. Yadhugiri Ammal |
||
| 260 |
_aNew Delhi _bVitasta Publishing _c2023 |
||
| 270 |
_a2/15, Ist Floor, Ansari Road, Darya Ganj _bNew Delhi _cDelhi _e110002 |
||
| 300 |
_a153p.: _c22cm(pb) |
||
| 650 |
_aBiography _xpolitical _970561 |
||
| 942 |
_adpl _cEN _2ddc _h871 _mAMM _e1 |
||
| 999 |
_c205299 _d205299 |
||